00307nam a2200121Ia 4500008004100000020001500041082002400056100001500080245003900095260003800134300000800172650000500180140316s9999 xx 000 0 und d a8170296110 a005.133 PASbSHU/PA aShukla,R Y aPascal : programming lab work book aNew DelhibBPB Publicationsc1995 a265 a